Statistiques concernant Quelle ville commençant par F?

Cliquez ici pour prendre le quiz!

Statistiques générales

  • Ce quiz a été pris 476 fois
  • Le résultat moyen est 7 sur 15

Statistiques - réponses

HintRéponse% Correct
Berceau de la Renaissance en ItalieFlorence
98%
Ville la plus riche d'AllemagneFrancfort-sur-le-Main
92%
Un accident nucléaire s'y est produit en 2011Fukushima
88%
Capitale de la MartiniqueFort-de-France
83%
Considérée comme la capitale spirituelle et culturelle du MarocFès
77%
Capitale de la Sierra LeoneFreetown
64%
Ville universitaire allemande située dans la Forêt NoireFribourg-en-Brisgau
41%
Capitale de TuvaluFunafuti
32%
Associée à Dallas pour nommer l'agglomération de cette dernièreFort Worth
22%
Ville brésilienne surnommée "la Blonde du Soleil"Fortaleza
21%
Le principal aéroport de Rome se trouve sur son territoireFiumicino
18%
Plus grande ville de l'île de KyūshūFukuoka
18%
Troisième plus grande ville du Pakistan et deuxième du PendjabFaisalabad
14%
Cette ville américaine se situe au centre de la vallée de San JoaquinFresno
9%
Le kung-fu serait en partie originaire de cette villeFoshan
2%

Distribution des résultats

Percentile par nombre de réponses

% des personnes avec chaque résultat

Votre développement - résultats

Vous n’avez pas pris ce quiz